[Event "Saint Affrique op 05th"]
[Site "Saint Affrique"]
[Date "1997.??.??"]
[Round "1"]
[White "Mainville, Eric"]
[Black "Robineau, C."]
[Result "1/2-1/2"]
[WhiteElo "2210"]
[BlackElo "1680"]
[PlyCount "137"]
[EventDate "1997.07.??"]
[EventType "swiss"]
[EventRounds "9"]
[EventCountry "FRA"]
[SourceTitle "EXT 1999"]
[Source "ChessBase"]
[SourceDate "1998.11.16"]
[SourceVersion "1"]
[SourceVersionDate "1998.11.16"]
[SourceQuality "1"]

1. d4 Nf6 2. c4 c5 3. Nf3 g6 4. Nc3 cxd4 5. Nxd4 Bg7 6. e4 d6 7. Be2 0-0 8. 0-0 Nc6 9. Be3 Bd7 10. h3 a6 11. Qd2 Re8 12. Nc2 Rb8 13. a4 Qc8 14. f4 Na5 15. b4 Nb3 16. Qd3 Nxa1 17. Nxa1 Rf8 18. a5 h5 19. Nb3 Bxh3 20. gxh3 Qxh3 21. Bd4 Qxd3 22. Bxd3 Rfc8 23. Kg2 Ng4 24. Nd5 Re8 25. Ba7 Rbc8 26. Bg1 e6 27. Nb6 Rcd8 28. Nc1 Bc3 29. Na2 Bf6 30. Bc2 d5 31. cxd5 exd5 32. e5 Bh4 33. Kh3 Be7 34. Ba4 Rf8 35. Bd4 Kh7 36. f5 gxf5 37. Rxf5 Kh6 38. Nd7 Rg8 39. Rxf7 Bg5 40. e6 Rde8 41. Bc2 Be3 42. Kh4 Bg5+ 43. Kh3 Be3 44. Bxe3+ Nxe3 45. Rf6+ Kg5 46. Bd3 Re7 47. Rf7 Rxe6 48. Nc3 h4 49. Nf8 Re5 50. Ne2 Ng4 51. Nh7+ Kh6 52. Rf3 Rxe2 53. Bxe2 Kxh7 54. Rf7+ Kg6 55. Rxb7 Ne3 56. Bxa6 Kf5 57. Bd3+ Kf4 58. Rf7+ Ke5 59. a6 Rg3+ 60. Kxh4 Rg4+ 61. Kh5 Rxb4 62. a7 Ra4 63. Bb5 Ra5 64. Bc6 Ke6 65. Rh7 d4+ 66. Kh4 d3 67. a8Q Rxa8 68. Bxa8 d2 69. Bf3 1/2-1/2